Anna ve Elsa : (Record no. 23471)

MARC details
000 -BAŞLIK
Sabit Uzunluktaki Kontrol Alanı 00660nam a22002177a 4500
003 - KONTROL NUMARASI KİMLİĞİ
Kontrol Alanı koha_MIRAKIL
005 - EN SON İŞLEM TARİHİ ve ZAMANI
Kontrol Alanı 20260415091340.0
008 - SABİT UZUNLUKTAKİ VERİ ÖGELERİ - GENEL BİLGİ
Sabit Alan 260415b tur||||| |||| 00| 0 tur d
020 ## - ISBN - ULUSLARARASI STANDART KİTAP NUMARASI
Isbn 9786050932102
040 ## - KATALOGLAMA KAYNAĞI
Özgün Kataloglama Kurumu TR-IsEVY
Kataloglama Dili tur
Çeviri Kurumu TR-IsEVY
082 ## - DEWEY ONU SINIFLAMA SİSTEMİ
Sınıflama Numarası FIC DAV/A
100 ## - KİŞİ ADI
Yazar Adı (Kişi adı) David, Erica
245 #0 - ESER ADI BİLDİRİMİ
Başlık Anna ve Elsa :
Alt Eseradı vb. sıcak bir karşılama /
Sorumluluk Bildirimi Erica David ; resimleyen Bill Robinson.
250 ## - BASIM BİLDİRİMİ
Basım Bildirimi 5. bs.
260 ## - YAYIN, DAĞITIM, VB.
Yayın Yeri İstanbul :
Yayınevi Doğan Egmont ,
Yayın Tarihi 2016.
300 ## - FİZİKSEL TANIMLAMA
Sayfa, Cilt vb. 120 s. :
Diğer fiziki detaylar resimli ;
Boyutları 18 cm.
490 0# - DİZİ BİLDİRİMİ
Dizi Bildirimi Karlar Ülkesi.
650 ## - KONU BAŞLIĞI EK GİRİŞ - KONU TERİMİ
Konusal terim veya coğrafi ad Çocuk Edebiyatı.
Alt başlık biçimi Çocuk Hikayeleri.
700 1# - EK GİRİŞ - KİŞİ ADI
Yazar Adı (Kişi adı) Robinson, Bill.
Ünvan resimleyen.
942 ## - EK GİRİŞ ÖGELERİ (KOHA)
Source of classification or shelving scheme Dewey Decimal Classification
Koha item type Kitap
Holdings
Kayıp Durumu Sınıflandırma Kaynağı Hasarlı Durumu Koleksiyon Kodu Kalıcı Konum Mevcut Konum Kayıt Tarih Edinim Kaynağı Toplam Ödünçverme Yer Numarası Demirbaş Numarası Son Görülme Tarihi Fatura Tarihi Materyal Türü
  Dewey Decimal Classification   İlkokul İLKOKUL KÜTÜPHANESİ İLKOKUL KÜTÜPHANESİ 15/04/2026 Bağış   FIC DAV/A 25081 15/04/2026 15/04/2026 Kitap